000
00299nam a2200109 4500
008
160704b xxu||||| |||| 00| 0 eng d
100
_9
2023
_a
Savitri
245
_a
Tales From Indian Classics
260
_a
N.D
_b
Children Book Trust
_c
1965
300
_a
Tales From Indian Classics
942
_2
ddc
_c
BK
999
_c
1723
_d
1723